| 000 | 01115nam a2200277 i 4500 | ||
|---|---|---|---|
| 003 | DO-SdBNP | ||
| 005 | 20240306073905.0 | ||
| 006 | a||||gr|||| 00| 0 | ||
| 007 | ta | ||
| 008 | 230830e1976 |||ac||| |||| 00| 0 spa d | ||
| 040 |
_aDO-SdBNP _bspa _cBNPHU _erda |
||
| 082 | 4 |
_222 _bD812i, 1976 _a22 |
|
| 245 | 0 | 0 |
_aIdeario de Duarte: _ccompilado y anotado por Vetilio Alfau Duran |
| 250 | _a4a. edición | ||
| 264 |
_aSanto Domingo : _bSecretaría de Estado de Educación, Bellas Artes y Cultos, _c1976 |
||
| 300 |
_a24 páginas : _bIlustraciones, retrato ; _c21 cm. |
||
| 336 |
_2rdacontent _atexto _btxt |
||
| 337 |
_2rdamedia _asin mediación _bn |
||
| 338 |
_2rdacarrier _avolumen _bnc |
||
| 500 | _a1976- Año de Duarte. Publicaciones de la Secretaría de Estado de Educación, Bellas Artes y Cultos . | ||
| 500 | _aIncluye notas, páginas 22-23 | ||
| 590 | _aInventariado 2023 / MF | ||
| 700 | 1 |
_aAlfau Durán, Vetilio, _d1909-1985 _ecompilador _910091 |
|
| 710 | 1 |
_aRepública Dominicana. _bSecretaría de Estado de Educación, Bellas Artes y Cultos. _bDirección General de Cultura _955635 |
|
| 942 |
_2ddc _cLF2 |
||
| 999 |
_c54578 _d54578 |
||